| 000 | 00685nam a2200217Ia 4500 | ||
|---|---|---|---|
| 005 | 20220302113501.0 | ||
| 008 | 210716s2004 xx 000 0 und d | ||
| 020 | _a9788174468956 | ||
| 040 | _cAIMIT LIBRARY | ||
| 041 | _aeng | ||
| 082 |
_a658.3 _23 _bRAOV |
||
| 100 |
_aRao, V S P. _922267 |
||
| 245 |
_aHuman resource management : _btext and cases / _cBy V S P Rao. |
||
| 250 | _a3rd ed. | ||
| 260 |
_aNew Delhi : _bExcel Books ; _c2004. |
||
| 300 |
_axx ,839p. ; _c27 cm. |
||
| 650 |
_aJob analysis _922268 |
||
| 650 |
_aHuman resource planning _922269 |
||
| 650 |
_aPersonnel records audit and research _922270 |
||
| 942 |
_2ddc _cBK _e3rd _i658.3 RAOV |
||
| 999 |
_c208123 _d208123 |
||